Panjang tangan

Bibliographic Details
Main Author: Suziana Che Wil
Format: Book
Published: Selangor : Hasrat Murni , 2006
Series:Siri kumpulan cerpen pilihan
Subjects:

MARC

LEADER 00000cam a2200000 7i4500
001 0000000350
005 20151222.0
008 070702
020 |a 983060294X 
020 |a 9830602982(set) 
090 0 0 |a JF   |b MAL (158) 
100 0 |a Suziana Che Wil 
245 1 0 |a Panjang tangan   |c Suziana Che Wil 
260 |a Selangor :   |b Hasrat Murni ,   |c 2006 
440 0 |a Siri kumpulan cerpen pilihan 
500 |a Children ages 7-9 years old (orange) 
650 0 |a Malay fiction 
650 0 |a Short's stories, Malay 
999 |a 0000920451   |b Book   |c Children Collection   |e Cawangan Bukit Gambir 
999 |a 0000920452   |b Book   |c Children Collection   |e Cawangan Bukit Gambir 
999 |a 0000920453   |b Book   |c Children Collection   |e Cawangan Bukit Gambir 
999 |a 0000930380   |b Book   |c Children Collection   |e Cawangan Tangkak 
999 |a 0000930381   |b Book   |c Children Collection   |e Cawangan Tangkak 
999 |a 0000930382   |b Book   |c Children Collection   |e Cawangan Tangkak 
999 |a 0000955926   |b Book   |c Children Collection   |e Cawangan Pontian 
999 |a 0000955927   |b Book   |c Children Collection   |e Cawangan Taman Universiti 
999 |a 0000955928   |b Book   |c Children Collection   |e Perbadanan Perpustakaan Awam Johor 
999 |a 0000955929   |b Book   |c Children Collection   |e Perbadanan Perpustakaan Awam Johor